banner-ar

اساليب تقييم الاستثمارات مدخل الى دراسات الجدوى باستخدام الكمبيوتر / (Record no. 55095)

MARC details
000 -الفاتح
حقل البيانات ثابتة الطول 00639nam a2200181Ia 4500
008 - عناصر البيانات ثابتة الطول - معلومات عامة
حقل البيانات ثابتة الطول 140319s9999 xx 000 0 ara d
040 ## - مصدر الفهرسة
وكالة الفهرسة الأصلية GCL /
وكالة النسخ GCL
082 04 - رقم تصنيف ديوى العشرى
رقم التصنيف 332.631
رقم المادة ع ا
100 1# - المدخل الرئيسى - إسم شخصى
الإسم الشخصى عبدالعزيز فهمى هيكل
245 10 - بيان العنوان
العنوان اساليب تقييم الاستثمارات مدخل الى دراسات الجدوى باستخدام الكمبيوتر /
بيان المسئوليه,etc عبدالعزيز فهمى هيكل
260 ## - PUBLICATION, DISTRIBUTION, ETC. (IMPRINT)
تاريخ النشر أو التوزيع 1985
300 ## - الوصف المادى
التعداد 286 ص ؛
أبعاد الوعاء 24 سم
490 ## - بيان السلسلة
عنوان السلسلة
650 04 - المدخل الاضافى بالموضوع-مصطلح موضوعى
مصطلح موضوعي الضرائب
650 04 - المدخل الاضافى بالموضوع-مصطلح موضوعى
مصطلح موضوعي الاستثمار
942 ## - عناصر المدخل الإضافي( كوها)
مصدر التصنيف او مخطط الترفيف Dewey Decimal Classification
Koha [default] item type كتاب
260 ## - PUBLICATION, DISTRIBUTION, ETC. (IMPRINT)
-- بيروت :
-- دار الراتب الجامعية ،
Holdings
حالة التراجع حالة الفقد حالة تلف ليس للاعارة المكان المؤقت الموقع الحالى تاريخ الاكتساب اجمالي اﻻعارات رقم الطلب الباركود تاريخ اخر مشاهدة تاريخ تفعيل السعر نوع وعاء كوها
        مكتبة القاهرة الكبرى مكتبة القاهرة الكبرى 03/26/2014   332.631\ع ا 132350 03/26/2014 03/26/2014 كتاب
        مكتبة القاهرة الكبرى مكتبة القاهرة الكبرى 03/26/2014   332.631\ع ا 132351 03/26/2014 03/26/2014 كتاب
        مكتبة القاهرة الكبرى مكتبة القاهرة الكبرى 03/26/2014   332.631\ع ا 132352 03/26/2014 03/26/2014 كتاب
        مكتبة القاهرة الكبرى مكتبة القاهرة الكبرى 03/26/2014   332.631\ع ا 132353 03/26/2014 03/26/2014 كتاب

Powered By

EGPV